00385nam a2200145Ia 4500008004100000020001500041041001200056082001600068100001700084245007100101260002500172300000900197650001600206700001700222221030s9999 xx 000 0 und d a0074638106 aEnglish a105.23bPap aC. H. Pappas 4aThe Complete Reference Visual C++ 6cby C. H. Pappas, W. H. Murray bTMHaNew Delhic2002 a1015 aBE Computer aW. H. Murray